[Event "Bratto op 22nd"]
[Site "Bratto"]
[Date "2002.08.25"]
[Round "6"]
[White "Manzoni, Alessandro"]
[Black "Citti, Gianluca"]
[Result "1/2-1/2"]
[WhiteElo "2023"]
[BlackElo "2157"]
[PlyCount "96"]
[EventDate "2002.08.20"]
[EventType "swiss"]
[EventRounds "9"]
[EventCountry "ITA"]
[SourceTitle "EXT 2003"]
[Source "ChessBase"]
[SourceDate "2002.11.25"]
[SourceVersion "1"]
[SourceVersionDate "2002.11.25"]
[SourceQuality "1"]

1. e4 Nc6 2. d3 e5 3. Nc3 Nf6 4. f4 d5 5. fxe5 Nxe5 6. d4 Ng6 7. e5 Ng4 8. Be2 h5 9. Nf3 Be7 10. 0-0 Be6 11. Na4 Qd7 12. b3 b5 13. Nb2 c5 14. c3 c4 15. a4 bxa4 16. Rxa4 cxb3 17. Qxb3 0-0 18. Bd2 Rfb8 19. Rb4 Bxb4 20. cxb4 a5 21. b5 a4 22. Nxa4 Qa7 23. Nc5 Qa3 24. Qxa3 Rxa3 25. Rb1 Ne3 26. Ng5 Bf5 27. Rb2 Ra1+ 28. Kf2 Ng4+ 29. Bxg4 Bxg4 30. b6 Ne7 31. e6 fxe6 32. Bf4 Rf8 33. g3 Nc6 34. b7 e5 35. dxe5 Ra5 36. Nd3 Nb8 37. e6 d4 38. Kg2 Re8 39. Rc2 Rxg5 40. Bxg5 Bxe6 41. Rc5 g6 42. Bf4 Bf5 43. Nb4 d3 44. Nxd3 Bxd3 45. Rc8 Be4+ 46. Kg1 Kf7 47. Bxb8 Bxb7 48. Rc7+ Re7 1/2-1/2

[Event "Bratto op 22nd"]
[Site "Bratto"]
[Date "2002.08.22"]
[Round "3"]
[White "Citti, Gianluca"]
[Black "Pienabarca, Nicola"]
[Result "0-1"]
[WhiteElo "2157"]
[BlackElo "2062"]
[PlyCount "102"]
[EventDate "2002.08.20"]
[EventType "swiss"]
[EventRounds "9"]
[EventCountry "ITA"]
[SourceTitle "EXT 2003"]
[Source "ChessBase"]
[SourceDate "2002.11.25"]
[SourceVersion "1"]
[SourceVersionDate "2002.11.25"]
[SourceQuality "1"]

1. Nf3 Nf6 2. g3 b6 3. Bg2 Bb7 4. 0-0 c5 5. d3 e6 6. e4 d6 7. Nh4 Qc7 8. f4 Be7 9. Nd2 0-0 10. f5 Nc6 11. fxe6 fxe6 12. Bh3 e5 13. Be6+ Kh8 14. Ndf3 Nd8 15. Ng5 Bc8 16. Rxf6 gxf6 17. Qh5 fxg5 18. Ng6+ Kg7 19. Nxf8 Bxe6 20. Nxh7 Bf7 21. Qh3 Qc8 22. Qxc8 Rxc8 23. Nxg5 Bxg5 24. Bxg5 Ne6 25. Be7 Rc6 26. Rf1 Nf8 27. h4 Nh7 28. g4 d5 29. exd5 Bxd5 30. Rf5 Re6 31. Bd8 Bxa2 32. Bc7 Bb1 33. Rxe5 Rxe5 34. Bxe5+ Kg6 35. c3 Nf6 36. d4 c4 37. h5+ Kg5 38. h6 Nxg4 39. Bb8 a6 40. Bc7 b5 41. d5 Nxh6 42. d6 Bf5 43. Kf2 Ng4+ 44. Kf3 Ne5+ 45. Ke3 Nc6 46. d7 Bxd7 47. Ke4 Be6 48. Bb6 Kf6 49. Bc5 Kf7 50. Kf4 Ke8 51. Kg5 Ne5 0-1

[Event "Bratto op 22nd"]
[Site "Bratto"]
[Date "2002.08.21"]
[Round "2"]
[White "Aglietti, Graziano"]
[Black "Citti, Gianluca"]
[Result "1-0"]
[WhiteElo "2069"]
[BlackElo "2157"]
[PlyCount "61"]
[EventDate "2002.08.20"]
[EventType "swiss"]
[EventRounds "9"]
[EventCountry "ITA"]
[SourceTitle "EXT 2003"]
[Source "ChessBase"]
[SourceDate "2002.11.25"]
[SourceVersion "1"]
[SourceVersionDate "2002.11.25"]
[SourceQuality "1"]

1. e4 Nc6 2. d4 d5 3. exd5 Qxd5 4. Be3 e5 5. Nf3 Bg4 6. Be2 exd4 7. Nc3 Qd7 8. Nxd4 Nxd4 9. Qxd4 Qxd4 10. Bxd4 Bxe2 11. Nxe2 0-0-0 12. 0-0-0 Nf6 13. Bxf6 Rxd1+ 14. Rxd1 gxf6 15. Rd3 Bh6+ 16. f4 Re8 17. Kd2 Rd8 18. g3 Bf8 19. g4 Bc5 20. Rxd8+ Kxd8 21. Kd3 Ke7 22. Ke4 Ke6 23. h4 Bf2 24. Nd4+ Kd7 25. h5 Bxd4 26. Kxd4 f5 27. g5 Kd6 28. b4 a6 29. c4 c6 30. c5+ Ke6 31. h6 1-0

[Event "Porto San Giorgio op 13th"]
[Site "Porto San Giorgio"]
[Date "2001.08.23"]
[Round "3"]
[White "Martorelli, Antonio"]
[Black "Citti, Gianluca"]
[Result "1/2-1/2"]
[WhiteElo "2304"]
[BlackElo "2154"]
[PlyCount "91"]
[EventDate "2001.08.21"]
[EventType "swiss"]
[EventRounds "9"]
[EventCountry "ITA"]
[SourceTitle "EXT 2002"]
[Source "ChessBase"]
[SourceDate "2001.11.25"]
[SourceVersion "1"]
[SourceVersionDate "2001.11.25"]
[SourceQuality "1"]

1. e4 e5 2. Nf3 Nc6 3. Bb5 Qf6 4. 0-0 a6 5. Bxc6 dxc6 6. d4 exd4 7. Qxd4 Qxd4 8. Nxd4 f6 9. Nd2 c5 10. Ne2 Be6 11. Nb3 Bc4 12. Re1 0-0-0 13. Be3 b6 14. Nd2 Bf7 15. Red1 Bd6 16. a4 a5 17. Bf4 Ne7 18. h3 Ng6 19. Bxd6 Rxd6 20. Nf3 Rxd1+ 21. Rxd1 Rd8 22. Rxd8+ Kxd8 23. Nd2 Ne5 24. f4 Nc4 25. Nxc4 Bxc4 26. Nc3 c6 27. Kf2 Ke7 28. g4 h5 29. Nd1 hxg4 30. hxg4 g6 31. Ne3 Bf7 32. c4 Be8 33. Kg3 b5 34. b3 bxa4 35. bxa4 g5 36. Nf5+ Kf8 37. Nd6 Bg6 38. Kf3 Ke7 39. Nf5+ Kd7 40. Ke3 Bf7 41. Kd3 gxf4 42. Nh6 Bg6 43. Nf5 Bf7 44. Nh4 Be6 45. Nf5 Bf7 46. Ng7 1/2-1/2

[Event "Porto San Giorgio op 13th"]
[Site "Porto San Giorgio"]
[Date "2001.08.21"]
[Round "1"]
[White "Rotstein, Arkadij"]
[Black "Citti, Gianluca"]
[Result "1-0"]
[WhiteElo "2499"]
[BlackElo "2154"]
[PlyCount "79"]
[EventDate "2001.08.21"]
[EventType "swiss"]
[EventRounds "9"]
[EventCountry "ITA"]
[SourceTitle "EXT 2002"]
[Source "ChessBase"]
[SourceDate "2001.11.25"]
[SourceVersion "1"]
[SourceVersionDate "2001.11.25"]
[SourceQuality "1"]

1. e4 e5 2. Nf3 Nc6 3. Bb5 Qf6 4. 0-0 Bc5 5. c3 Nge7 6. Re1 h6 7. d4 Bb6 8. Be3 0-0 9. Bxc6 Nxc6 10. d5 Nd8 11. c4 d6 12. Nc3 Qe7 13. Nd2 f6 14. b4 Kh7 15. Rc1 Bxe3 16. Rxe3 b6 17. Nb3 Nb7 18. a3 Bd7 19. h3 a6 20. Ne2 g6 21. Qd2 Rfc8 22. f4 g5 23. fxe5 fxe5 24. Ng3 Kh8 25. Qe2 Qh7 26. c5 bxc5 27. bxc5 Bb5 28. Qb2 Rab8 29. Rec3 Ba4 30. cxd6 Nxd6 31. Re1 Bxb3 32. Rxb3 Rxb3 33. Qxb3 Qe7 34. Qa4 Ra8 35. Qc6 Rf8 36. Qxa6 Kh7 37. Rc1 Rf7 38. a4 Qd7 39. Qc6 Qe7 40. a5 1-0

[Event "Porto San Giorgio op 11th"]
[Site "Porto San Giorgio"]
[Date "1999.08.26"]
[Round "7"]
[White "Tocchioni, Doriano"]
[Black "Citti, Gianluca"]
[Result "1-0"]
[WhiteElo "2240"]
[BlackElo "2123"]
[PlyCount "55"]
[EventDate "1999.08.20"]
[EventType "swiss"]
[EventRounds "9"]
[EventCountry "ITA"]
[SourceTitle "EXT 2000"]
[Source "ChessBase"]
[SourceDate "1999.11.16"]
[SourceVersion "1"]
[SourceVersionDate "1999.11.16"]
[SourceQuality "1"]

1. d4 Nf6 2. c4 c5 3. d5 b5 4. cxb5 a6 5. b6 Qxb6 6. Nc3 d6 7. e4 g6 8. a4 Bg7 9. a5 Qb7 10. Bc4 0-0 11. Nge2 e5 12. dxe6 fxe6 13. Qxd6 Nxe4 14. Bxe6+ Kh8 15. Nxe4 Qxe4 16. Bd5 Qb4+ 17. Bd2 Qxb2 18. Qxf8+ Bxf8 19. Bc3+ Qxc3+ 20. Nxc3 Ra7 21. 0-0 Bg7 22. Rab1 Nc6 23. Bxc6 Bxc3 24. Rb8 Rc7 25. Bb7 Rxb7 26. Rxc8+ Kg7 27. Rxc5 Bb4 28. Rd5 1-0